| 000 | 01061nam a22003497a 4500 | ||
|---|---|---|---|
| 001 | BR9000708 | ||
| 003 | BR-BrBNA | ||
| 005 | 20230928093354.0 | ||
| 007 | ta | ||
| 008 | 230509b bl.||||| |||| 00| 0 por d | ||
| 040 |
_aBR-BrBNA _bpor _cBiblioteca Nacional de Agricultura |
||
| 041 | _a(Por) | ||
| 072 |
_aL51; L10; Q54 _b/G514 |
||
| 090 | _ L51 BR9000708 | ||
| 110 | 1 |
_aSociedade Brasileira de Zootecnia, Campo Grande, MS (Brasil) _99808 |
|
| 111 | 1 |
_a23. Reuniao Anual da Sociedade de Zootecnia _cCampo Grande, MS (Brazil) _d20-25 Jul 1986 |
|
| 245 | 1 | _aAnais da 23. Reuniao Anual da Sociedade Brasileira de Zootecnia | |
| 260 | 3 |
_aCampo Grande, MS (Brasil): _c1986. |
|
| 300 | _a447 p. | ||
| 500 | _aSummary only | ||
| 650 | _aNUTRICAO ANIMAL | ||
| 650 | _aRACAO | ||
| 650 | _aFORRAGEM | ||
| 650 | _aCOMPOSICAO QUIMICA | ||
| 650 | _aEXIGENCIA NUTRICIONAL | ||
| 650 | _aMELHORAMENTO ANIMAL | ||
| 650 | _aREPRODUCAO ANIMAL | ||
| 650 | _aMANEJO | ||
| 650 | _aSISTEMA DE PRODUCAO | ||
| 909 |
_a202309 _bLucia _c55 _dLucia Elande |
||
| 942 | _cBK | ||
| 999 |
_c44611 _d44611 |
||